Zespoły którym Bayer Leverkusen strzelił w 90+ minucie - Statystyki

Ogólne statystyki
  • Ten quiz został rozwiązany 123 razy
  • Średni wynik to 5 z 13
Statystyki odpowiedzi
Minuty bramek Zespół % Poprawnych
90+4 Bayern
95%
90+7 Borussia Dortmund
72%
90+2 90+3 90+4 90+7 Qarabag
51%
90+7 AS Roma
48%
90+1 Hoffenheim
39%
90+4 Augsburg
38%
90+1 RB Lipsk
38%
90+3 Bochum
35%
90' Werder Brema
31%
90+1 90+7 VfB Stuttgart
25%
90+1 West Ham
25%
90' FC Teutonia Ottensen
0%
90+2 SV Sandhausen
0%
Nie znaleziono quizów pasujących do podanych kryteriów
Rozkład punktacji
Procent ludzi z każdym wynikiem
Percentyl według liczby udzielonych odpowiedzi
Twoja historia wyników
Nie rozwiązałeś tego quizu